| 000 | 00393nam a2200157 4500 | ||
|---|---|---|---|
| 999 |
_c508949 _d508949 |
||
| 008 | 190416b ||||| |||| 00| 0 eng d | ||
| 100 |
_aRao, Nune Srinivasa _94475 |
||
| 245 | _aMSME for inclusive development | ||
| 260 | _c2018 | ||
| 300 | _ap.21-25. | ||
| 650 |
_aMSME _94476 |
||
| 700 |
_aE. Vijaya _94477 |
||
| 773 | _aKurukshetra | ||
| 906 | _aSmall Scale Industry | ||
| 942 |
_2ddc _cAR |
||